| 000 | 00394nam a22001457a 4500 | ||
|---|---|---|---|
| 003 | OSt | ||
| 005 | 20160727222347.0 | ||
| 008 | 160621b xxu||||| |||| 00| 0 eng d | ||
| 040 | _ctest | ||
| 100 |
_9290 _aPark, B |
||
| 245 | _aJunie, B.Jones and the Mushy Gushy Valentime | ||
| 260 |
_aN.Y _b Random House Ontario _c1999 |
||
| 300 | _aJunie, B.Jones and the Mushy Gushy Valentime | ||
| 942 |
_2ddc _cBK |
||
| 999 |
_c236 _d236 |
||